Statistics for Atletico Madrid scorers in Liga 2016-2017

Click here to take the quiz!

General Stats

  • This quiz has been taken 73 times
  • The average score is 9 of 13

Answer Stats

PlayerGoals% Correct
Antoine Griezmann16
100%
Koke4
98%
Diego Godin3
95%
Fernando Torres6
82%
Filipe Luis3
82%
Saul Niguez4
81%
Yannick Carrasco10
76%
Angel Correa3
69%
Stefan Savic1
61%
Kevin Gameiro12
55%
Thomas Partey1
52%
Tiago1
35%
Nicolas Gaitan3
34%

Score Distribution

Percentile by Number Answered

Percent of People with Each Score

Your Score History

You have not taken this quiz